[Event "HUN-chT2 Erkel 2324"]
[Site "Hunagry"]
[Date "2024.04.07"]
[Round "7.7"]
[White "Sarmasi, Peter"]
[Black "Botos, Krisztian"]
[Result "1-0"]
[WhiteElo "1824"]
[BlackElo "1952"]
[PlyCount "45"]
[EventDate "2023.10.08"]
[EventType "team-tourn"]
[EventRounds "9"]
[EventCountry "HUN"]
[SourceTitle "EXT 2025"]
[Source "ChessBase"]
[SourceDate "2024.10.14"]
[SourceVersion "1"]
[SourceVersionDate "2024.10.14"]
[SourceQuality "1"]
[WhiteTeam "TFSE"]
[BlackTeam "Egri Bolyky"]
[WhiteTeamCountry "HUN"]
[BlackTeamCountry "HUN"]

1. e4 d5 2. exd5 Nf6 3. d4 Qxd5 4. Nc3 Qa5 5. Bd2 c6 6. Bc4 Bg4 7. f3 Bh5 8. Qe2 Qc7 9. 0-0-0 b5 10. Bb3 a5 11. a4 b4 12. Ne4 Nbd7 13. g4 Bg6 14. h4 Nxe4 15. fxe4 Nf6 16. e5 Ne4 17. Bf4 h5 18. Nh3 hxg4 19. e6 Nd6 20. exf7+ Kd8 21. Ng5 Bf5 22. Be6 Qa7 23. Bxd6 1-0